Oktatás, foglalkoztatás, szegénység és társadalmi kirekesztés Magyarországon a válság után

Magyarország a 2008-as pénzügyi-gazdasági válságot megelőzően – a legtöbb gazdasági és társadalmi mutatót tekintve – felzárkózást mutatott az Európai Unió átlagához, azonban a válság – nem csak Magyarországon – megtörte ezt a trendet. Emellett az ország EU-tagsága kezdete óta állt az EU túlzotthiány...

Teljes leírás

Elmentve itt :
Bibliográfiai részletek
Szerzők: Laczi Renáta
Pelle Anita
Tabajdi Gabriella
Végh Marcell Zoltán
Dokumentumtípus: Cikk
Megjelent: 2015
Sorozat:Iskolakultúra 25 No. 9
Online Access:http://misc.bibl.u-szeged.hu/41743
LEADER 01669nab a2200217 i 4500
001 misc41743
005 20191106140438.0
008 180706s2015 hu o 0|| zxx d
022 |a 1215-5233 
040 |a SZTE Miscellanea Repozitórium  |b hun 
041 |a zxx 
100 1 |a Laczi Renáta 
245 1 0 |a Oktatás, foglalkoztatás, szegénység és társadalmi kirekesztés Magyarországon a válság után  |h [elektronikus dokumentum] /  |c  Laczi Renáta 
260 |c 2015 
300 |a 118-122 
490 0 |a Iskolakultúra  |v 25 No. 9 
520 3 |a Magyarország a 2008-as pénzügyi-gazdasági válságot megelőzően – a legtöbb gazdasági és társadalmi mutatót tekintve – felzárkózást mutatott az Európai Unió átlagához, azonban a válság – nem csak Magyarországon – megtörte ezt a trendet. Emellett az ország EU-tagsága kezdete óta állt az EU túlzotthiány-eljárása alatt, így az országnak a válság kitörését követő években, közpénzből történő válságkezelés helyett – az EU-tagállamok többségétől eltérően –, költségvetési konszolidációt kellett végrehajtania. 2014-re az körvonalazódott, hogy a magyar válságkezelés hiányát maga a társadalom fizette meg: a közpénzügyi adatok helyreállásával párhuzamosan drámaian romlott a társadalmi mutatók többsége, így a szegénységnek és kirekesztettségnek kitettek aránya is – a kelet-közép-európai régió viszonylatában is. 
700 0 1 |a Pelle Anita  |e aut 
700 0 1 |a Tabajdi Gabriella  |e aut 
700 0 1 |a Végh Marcell Zoltán  |e aut 
856 4 0 |u http://misc.bibl.u-szeged.hu/41743/1/EPA00011_iskolakultura_2015_09_10.pdf  |z Dokumentum-elérés